LIBRARY & INFORMATION CENTRE, KCAET, TAVANUR

ONLINE PUBLIC ACCESS CATALOGUE (OPAC)

Agricultural Communication : Oppertunities for Sustainable Agriculture and Rural Development (Record no. 14609)

MARC details
000 -LEADER
fixed length control field 00426nam a22001457a 4500
020 ## - INTERNATIONAL STANDARD BOOK NUMBER
ISBN 9788176222778
082 ## - DEWEY DECIMAL CLASSIFICATION NUMBER
Classification number 630.14.
Item number SIN/AG
245 ## - TITLE STATEMENT
Title Agricultural Communication : Oppertunities for Sustainable Agriculture and Rural Development
260 ## - PUBLICATION, DISTRIBUTION, ETC. (IMPRINT)
Place of publication New Delhi
Name of publisher Biotech Books
Year of publication 2013
300 ## - PHYSICAL DESCRIPTION
Number of Pages 330
700 ## - ADDED ENTRY--PERSONAL NAME
Personal name Singh,Vir
700 ## - ADDED ENTRY--PERSONAL NAME
Personal name Shivendra Kumar Kashyap
700 ## - ADDED ENTRY--PERSONAL NAME
Personal name Gaurav Papnai
942 ## - ADDED ENTRY ELEMENTS (KOHA)
Koha item type Books
Holdings
Withdrawn status Lost status Damaged status Collection code Home library Current library Shelving location Date acquired Source of acquisition Cost, normal purchase price Full call number Accession Number Koha item type
        KAUAET KAUAET General Stacks 20/07/2016 Southern Book Star, Tvm 1200.00 630.14. SIN/AG 24885 Books
free website counter